|
|
|
|
| LEADER |
01832nam a2200445 a 4500 |
| 001 |
nkc20061660675 |
| 003 |
CZ PrNK |
| 005 |
20061004144415.0 |
| 007 |
ta |
| 008 |
060621s2006 xr abh f 100 0 cze |
| 015 |
|
|
|a cnb001660675
|
| 020 |
|
|
|a 80-7043-468-6
|q (brož.)
|
| 035 |
|
|
|a (OCoLC)85546418
|
| 040 |
|
|
|a BOA001
|b cze
|d ABA001
|
| 072 |
|
7 |
|a 37.09
|x Organizace výuky a vzdělávání
|2 Konspekt
|9 22
|
| 080 |
|
|
|a 37.091.12-027.22
|2 MRF
|
| 080 |
|
|
|a 377.8
|2 MRF
|
| 080 |
|
|
|a (062.534)
|2 MRF
|
| 111 |
2 |
|
|a Pedagogická praxe v přípravě budoucích učitelů (konference)
|d (2006 :
|c Srní, Klatovy, Česko)
|7 mzk2006340959
|
| 245 |
1 |
0 |
|a Pedagogická praxe v přípravě budoucích učitelů :
|b sborník z konference : [9.-11. června 2006, Srní /
|c editor Josef Kepka]
|
| 250 |
|
|
|a Vyd. 1.
|
| 260 |
|
|
|a Plzeň :
|b Západočeská univerzita,
|c 2006
|
| 300 |
|
|
|a 108 s. :
|b il., mapy, faksim. ;
|c 21 cm
|
| 500 |
|
|
|a Sborník byl zpracován a vydán jako součást projektu "Nová kvalita pedagogické praxe"
|
| 500 |
|
|
|a Pod názvem: Západočeská univerzita v Plzni, ESF - Evropský sociální fond v ČR
|
| 504 |
|
|
|a Obsahuje bibliografie
|
| 650 |
0 |
7 |
|a pedagogická praxe
|7 ph124011
|2 czenas
|
| 650 |
0 |
7 |
|a vzdělávání učitelů
|7 ph158324
|2 czenas
|
| 650 |
0 |
9 |
|a practice teaching
|2 eczenas
|
| 650 |
0 |
9 |
|a teacher education
|2 eczenas
|
| 655 |
|
7 |
|a sborníky konferencí
|7 fd133333
|2 czenas
|
| 655 |
|
9 |
|a proceedings of conferences
|2 eczenas
|
| 700 |
1 |
|
|a Kepka, Josef,
|d 1950-
|7 jo20000080524
|4 edt
|
| 710 |
2 |
|
|a Západočeská univerzita
|7 kn20010709221
|
| 710 |
2 |
|
|a Evropský sociální fond
|7 kn20021211003
|
| 910 |
2 |
|
|a BOA001
|b 2-1171.635
|
| 990 |
|
|
|a BK
|
| 995 |
|
|
|a 01
|
| 991 |
|
|
|b 200608
|c NOV
|
| 996 |
6 |
|
|b 2610285890
|c 2-1171.635
|l MZK
|r Sklad / do 1 hodiny
|n 0
|p p.v.
|w 000821756
|u 000010
|a 1
|e BOA001
|j MZK50
|s P
|